LEADER 01694oam 2200457M 450 001 9910716206303321 005 20200213070534.5 035 $a(CKB)5470000002520067 035 $a(OCoLC)1065846569 035 $a(OCoLC)995470000002520067 035 $a(EXLCZ)995470000002520067 100 $a20071213d1926 ua 0 101 0 $aeng 135 $aurcn||||||||| 181 $ctxt$2rdacontent 182 $cc$2rdamedia 183 $acr$2rdacarrier 200 10$aWalter Kent, Jr. March 26, 1926. -- Committed to the Committee of the Whole House and ordered to be printed 210 1$a[Washington, D.C.] :$c[U.S. Government Printing Office],$d1926. 215 $a1 online resource (3 pages) 225 1 $aHouse report / 69th Congress, 1st session. House ;$vno. 671 225 1 $a[United States congressional serial set ] ;$v[serial no. 8536] 300 $aReference to H.R. "7204" in text printed in error; correct bill number is "7024." 300 $aBatch processed record: Metadata reviewed, not verified. Some fields updated by batch processes. 300 $aFDLP item number not assigned. 606 $aClaims 606 $aLegislative amendments 606 $aTraffic accidents 608 $aLegislative materials.$2lcgft 615 0$aClaims. 615 0$aLegislative amendments. 615 0$aTraffic accidents. 701 $aThomas$b Elmer$f1876-1965$pDemocrat (OK)$01387989 801 0$bWYU 801 1$bWYU 801 2$bOCLCO 801 2$bOCLCQ 906 $aBOOK 912 $a9910716206303321 996 $aWalter Kent, Jr. March 26, 1926. -- Committed to the Committee of the Whole House and ordered to be printed$93456209 997 $aUNINA